US Cities by Photo - Statistics

General Stats
  • This quiz has been taken 17 times
  • The average score is 10 of 16
Answer Stats
Picture Answer % Correct
seattle
100%
st. louis
100%
san francisco
93%
chicago
86%
miami
86%
philadelphia
57%
phoenix
57%
salt lake city
57%
dallas
50%
detroit
50%
denver
43%
houston
43%
minneapolis
43%
nashville
43%
milwaukee
21%
portland
21%
No matching quizzes found
Score Distribution
Percent of People with Each Score
Percentile by Number Answered
Your Score History
You have not taken this quiz